[Event "Mechanics' Fall TNM; G/2 d5"]
[Site "San Francisco"]
[Date "2017.11.14"]
[Round "4.36"]
[White "Newey, Richard Her"]
[Black "Agdamag, Samuel"]
[Result "1-0"]
[WhiteElo "1765"]
[BlackElo "1432"]
[Annotator "Donaldson"]
[PlyCount "93"]
[EventDate "2017.??.??"]

1. e4 e5 2. Nf3 Nc6 3. Bc4 Nf6 4. Ng5 d5 5. exd5 Nxd5 6. Nxf7 (6. d4 $1) (6.
Qf3 Qxg5 7. Bxd5 Nd4 $1 8. Qxf7+ Kd8 9. O-O Nxc2 10. Be4 Nxa1 11. d4 Qe7) 6...
Kxf7 7. Qf3+ Ke6 8. Nc3 Ncb4 9. a3 (9. O-O) (9. Qe4) 9... Nxc2+ 10. Kd1 c6 $2 (
10... Nxa1 {was essential.}) 11. Kxc2 g6 12. d4 Bg7 13. Re1 Rf8 14. Qg3 Rf5 {
Diagram [#]} 15. Bf4 $1 Qf8 16. Bxe5 Rxf2+ 17. Kb3 Bxe5 18. Qxe5+ Kd7 19. Nxd5
cxd5 20. Bb5+ Kd8 21. Qxd5+ Kc7 22. Rac1+ Kb6 23. Bd3 (23. Rc6+) 23... Qf7 24.
Qxf7 Rxf7 25. Rf1 Be6+ 26. Bc4 Bxc4+ 27. Kxc4 Rc8+ 28. Kd3 Rxc1 29. Rxf7 (29.
Rxc1) 29... Rg1 30. Rf2 Rd1+ 31. Rd2 Re1 32. Rc2 a6 33. g3 h6 34. d5 h5 35. Kd4
a5 36. d6 g5 37. Kd5 g4 38. d7 Rd1+ 39. Ke6 Re1+ 40. Kd6 Rd1+ 41. Ke7 Re1+ 42.
Kd8 Rd1 43. Kc8 Rxd7 44. Kxd7 Kb5 45. b3 b6 46. Kc7 a4 47. b4 1-0

[Event "Mechanics' Fall TNM; G/2 d5"]
[Site "San Francisco"]
[Date "2017.10.31"]
[Round "2.11"]
[White "Newey, Richard Her"]
[Black "Davila, Carlos"]
[Result "0-1"]
[WhiteElo "1765"]
[BlackElo "2131"]
[PlyCount "64"]
[EventDate "2017.??.??"]

1. e4 c6 2. c4 d5 3. exd5 cxd5 4. d4 Nf6 5. Be2 Nc6 6. cxd5 Nxd5 7. Bf3 e6 8.
Ne2 Be7 9. O-O O-O 10. Nbc3 a6 11. Nxd5 exd5 12. Nf4 Bf6 13. Nxd5 Bxd4 14. Qc2
Ne5 15. Qe4 Nxf3+ 16. Qxf3 Be6 17. Nc3 Qb6 18. Nd5 Qc5 19. Nf4 Bc4 20. Re1 Rfe8
21. Be3 Qa5 22. b4 Qxb4 23. Rab1 Qa5 24. Qxb7 Bxa2 25. Qb4 Bc3 26. Qxa5 Bxa5
27. Ra1 Bxe1 28. Rxa2 Red8 29. g3 a5 30. Ra4 Bd2 31. Bb6 Rd6 32. Ra2 Bxf4 0-1

[Event "Mechanics' Peter Grey TNM; G/2 d5"]
[Site "San Francisco"]
[Date "2017.08.08"]
[Round "1.29"]
[White "Newey, Richard Her"]
[Black "Howell, Keith K"]
[Result "1-0"]
[WhiteElo "1755"]
[BlackElo "1247"]
[PlyCount "53"]
[EventDate "2017.??.??"]

1. e4 e5 2. Nf3 Nc6 3. Bc4 f5 4. d4 d6 5. Nc3 Nf6 6. dxe5 dxe5 7. Qxd8+ Kxd8 8.
Bg5 Be7 9. O-O-O+ Ke8 10. Rhe1 h6 11. Bxf6 Bxf6 12. exf5 Bxf5 13. Nd5 Rc8 14.
Nxe5 Nxe5 15. f4 Kf8 16. fxe5 Bg5+ 17. Kb1 c6 18. Ne3 Bxe3 19. Rxe3 Ke7 20. Rg3
g5 21. Rf3 Rhf8 22. Rdf1 Rcd8 23. a3 Be6 24. Rxf8 Rxf8 25. Rxf8 Kxf8 26. Bxe6
Ke7 27. Bf5 1-0

[Event "Mechanics' Fall TNM; G/2 d5"]
[Site "San Francisco"]
[Date "2017.11.28"]
[Round "6.23"]
[White "Newey, Richard Her"]
[Black "Robertson, Terrance"]
[Result "1/2-1/2"]
[WhiteElo "1765"]
[BlackElo "1352"]
[PlyCount "69"]
[EventDate "2017.??.??"]

1. e4 e5 2. Nf3 Nf6 3. Nc3 Nc6 4. a3 d5 5. exd5 Nxd5 6. Bc4 Nxc3 7. bxc3 Bd6 8.
O-O O-O 9. h3 h6 10. Re1 Qf6 11. d4 exd4 12. cxd4 Bf5 13. c3 Rfe8 14. Be3 Be4
15. Be2 Ne7 16. Nd2 Bc6 17. Nc4 Bf4 18. Bxf4 Qxf4 19. Ne5 Bd5 20. Qc1 Qxc1 21.
Raxc1 Nf5 22. Bd3 Nh4 23. f3 f6 24. Ng4 Rxe1+ 25. Rxe1 Bxf3 26. Re3 Bxg2 27.
Rg3 Bf3 28. Nxh6+ Kf8 29. Nf5 Nxf5 30. Rxf3 Nd6 31. Kf2 Re8 32. Re3 Rxe3 33.
Kxe3 g5 34. c4 b6 35. c5 1/2-1/2

[Event "Mechanics' Fall TNM; G/2 d5"]
[Site "San Francisco"]
[Date "2017.12.19"]
[Round "9.22"]
[White "Nyangar, Enkhmaa"]
[Black "Hoffman, Dave"]
[Result "1-0"]
[WhiteElo "1605"]
[BlackElo "831"]
[Annotator "Donaldson"]
[PlyCount "21"]
[EventDate "2017.??.??"]

1. e4 e5 2. Nf3 Nc6 3. d4 d6 $6 4. Bc4 Nf6 5. Ng5 d5 6. exd5 Nxd5 $2 {
Diagram [#]} (6... Nxd4 $11) 7. Nxf7 $1 Qd7 (7... Kxf7 8. Qf3+ Ke6 9. dxe5 Nxe5
10. Qe4 c6 11. Nc3 $16) 8. Nxh8 exd4 9. O-O Nf6 10. Re1+ Kd8 11. Nf7+ 1-0

[Event "Mechanics' Fall TNM; G/2 d5"]
[Site "San Francisco"]
[Date "2017.10.31"]
[Round "2.27"]
[White "Nyangar, Enkhmaa"]
[Black "Howell, Keith K"]
[Result "1-0"]
[WhiteElo "1605"]
[BlackElo "1207"]
[PlyCount "35"]
[EventDate "2017.??.??"]

1. e4 e5 2. Nf3 Nc6 3. d4 d6 4. Bb5 Bd7 5. Nc3 Bg4 6. h3 Bxf3 7. gxf3 h6 8.
Bxc6+ bxc6 9. Be3 Qf6 10. Rg1 Rb8 11. b3 Qh4 12. Qd3 Nf6 13. O-O-O Nh5 14. Rg4
Qxh3 15. dxe5 Ra8 16. exd6 Bxd6 17. Bc5 Rd8 18. e5 {White went on to win.} 1-0

[Event "Mechanics' Fall TNM; G/2 d5"]
[Site "San Francisco"]
[Date "2017.12.05"]
[Round "7.25"]
[White "Nyangar, Enkhmaa"]
[Black "Poling, Scott E"]
[Result "1-0"]
[WhiteElo "1605"]
[BlackElo "1864"]
[PlyCount "37"]
[EventDate "2017.??.??"]

1. e4 c5 2. Nf3 e6 3. Nc3 a6 4. d4 cxd4 5. Nxd4 Qc7 6. f4 b5 7. Bd3 Bb7 8. O-O
Nf6 9. e5 Nd5 10. Ne4 Nb4 11. Be3 Nxd3 12. cxd3 Nc6 13. Rc1 Rc8 14. Qh5 Qb8 15.
Nf3 Be7 16. Nfg5 g6 17. Qh6 Bf8 18. Nf6+ Kd8 19. Bb6+ 1-0

[Event "Mechanics' Fall TNM; G/2 d5"]
[Site "San Francisco"]
[Date "2017.11.21"]
[Round "5.21"]
[White "Nyangar, Enkhmaa"]
[Black "Thornally, Frank"]
[Result "0-1"]
[WhiteElo "1605"]
[BlackElo "2200"]
[Annotator "Donaldson"]
[PlyCount "38"]
[EventDate "2017.??.??"]

1. e4 d5 2. exd5 Nf6 3. c4 c6 4. dxc6 Nxc6 5. Nc3 e5 6. Nge2 Bf5 7. Ng3 Bg6 8.
a3 e4 9. b4 a5 10. b5 Ne5 11. Be2 Bc5 12. O-O h5 13. Bb2 Bd4 14. Re1 {
Diagram [#]} Bxf2+ $5 (14... Nfg4 $1) 15. Kxf2 Qd4+ 16. Kf1 Neg4 17. Bxg4 Nxg4
18. Re2 $4 (18. Ncxe4 Nxh2+ 19. Ke2 Qxb2 20. Nc3 $11) 18... Nxh2+ 19. Ke1 Qg1+
0-1

[Event "Mechanics' Fall TNM; G/2 d5"]
[Site "San Francisco"]
[Date "2017.11.14"]
[Round "4.9"]
[White "O'Connor, Derek"]
[Black "Anderson, Michael"]
[Result "1-0"]
[WhiteElo "2285"]
[BlackElo "1900"]
[PlyCount "69"]
[EventDate "2017.??.??"]

1. d4 f5 2. g3 g6 3. Bg2 Bg7 4. Nh3 Nf6 5. Nf4 c6 6. c4 O-O 7. h4 d6 8. d5 Qe8
9. h5 gxh5 10. Nc3 e5 11. dxe6 Bxe6 12. Bf3 Bf7 13. Qc2 Bg6 14. b3 Nbd7 15. Bb2
Ne5 16. O-O-O Rd8 17. Ba3 Nxf3 18. exf3 Qe5 19. Bb2 Rfe8 20. Ncd5 cxd5 21. Bxe5
dxe5 22. Nxd5 Bh6+ 23. Kb2 Nd7 24. Nc7 Re7 25. a3 Rc8 26. Nb5 Bg7 27. Ka2 e4
28. Qd2 exf3 29. Rhe1 Rce8 30. Rxe7 Rxe7 31. Qd5+ Bf7 32. Qxf3 Bf6 33. Nd6 Bg6
34. Nxf5 Rf7 35. Nh6+ 1-0

[Event "Mechanics' Winter TNM; G/2"]
[Site "San Francisco"]
[Date "2017.01.17"]
[Round "3.3"]
[White "O'Connor, Derek"]
[Black "Argo, Guy"]
[Result "1-0"]
[WhiteElo "2167"]
[BlackElo "1974"]
[Annotator "Argo, Guy"]
[PlyCount "46"]
[EventDate "2017.??.??"]

1. d4 e6 2. e4 d5 3. Nc3 Bb4 4. e5 c5 5. a3 cxd4 $6 {
An inaccuracy, the best move was 5...Bxc3+.} (5... Bxc3+ 6. bxc3 Ne7 7. Qg4 O-O
8. Nf3 c4 9. Be2 b6 10. O-O Nbc6 11. a4 Bb7 12. Ba3) 6. axb4 dxc3 7. bxc3 Qc7
8. Nf3 Qxc3+ 9. Bd2 Qc7 10. Rc1 Nc6 11. c4 Nxe5 12. cxd5 Nxf3+ 13. Qxf3 Qe5+
14. Be2 Qxd5 15. Qg3 g6 $4 {A blunder. The best move was ...Ne7.} (15... Ne7
16. Rc5 Qe4 17. f3 Qd4 18. Bc3 Qe3 19. Bd2 Qd4) 16. Rc5 Qd8 17. Bc3 f6 18. O-O
Nh6 $4 {A blunder. 18... Bd7 had to be tried.} (18... Bd7 19. Rc7) 19. Rd1 Bd7
20. Rc7 Nf5 21. Qf4 g5 $4 {Another blunder. Better 21...was e5.} (21... e5 22.
Bxe5) 22. Qc4 b5 23. Qc5 Rc8 $6 (23... Qxc7 24. Qxc7) 1-0

[Event "Mechanics' Summer TNM; G/2 d5"]
[Site "San Francisco"]
[Date "2017.05.30"]
[Round "2.4"]
[White "O'Connor, Derek"]
[Black "Babayan, Gagik"]
[Result "1-0"]
[WhiteElo "2270"]
[BlackElo "1807"]
[PlyCount "93"]
[EventDate "2017.??.??"]

1. d4 Nf6 2. Nf3 d5 3. c4 e6 4. Nc3 Bb4 5. cxd5 exd5 6. Bg5 O-O 7. e3 c6 8. Bd3
Qa5 9. O-O Bxc3 10. bxc3 Ne4 11. c4 Bg4 12. Bf4 Nd7 13. Re1 Ndf6 14. Be5 Nd7
15. Bg3 a6 16. c5 Rfe8 17. Qc2 g6 18. Bf4 Kg7 19. h3 Bxf3 20. gxf3 Nef6 21.
Rab1 Ra7 22. Qd1 Qd8 23. Bh2 Nh5 24. Qe2 b5 25. cxb6 Nxb6 26. Rec1 Re6 27. f4
Nd7 28. f5 Rf6 29. Be5 Kg8 30. Bxf6 Qxf6 31. Qg4 c5 32. fxg6 hxg6 33. Be2 c4
34. Qg2 Qf5 35. Bg4 Qg5 36. Bxd7 Qxg2+ 37. Kxg2 Rxd7 38. Rb6 Kg7 39. Rxa6 Rb7
40. Rc2 f5 41. a4 Rb4 42. a5 Nf6 43. Ra2 Ne4 44. Rb6 Rxb6 45. axb6 Nd6 46. Ra7+
Kf6 47. b7 1-0

[Event "Mechanics' Spring TNM; G/2"]
[Site "San Francisco"]
[Date "2017.04.11"]
[Round "5.7"]
[White "O'Connor, Derek"]
[Black "Cheng, Alfonso"]
[Result "1-0"]
[WhiteElo "2161"]
[BlackElo "1913"]
[PlyCount "49"]
[EventDate "2017.??.??"]

1. d4 Nf6 2. Nf3 g6 3. g3 Bg7 4. Bg2 O-O 5. c4 c6 6. O-O Na6 7. Nc3 Nc7 8. d5
cxd5 9. cxd5 d6 10. Be3 e5 11. dxe6 fxe6 12. Qb3 h6 13. Rfd1 Qe7 14. Nh4 Qf7
15. Ne4 d5 16. Nd6 Qd7 17. Nxc8 Rfxc8 18. Nxg6 Ng4 19. Bd4 Qf7 20. f3 Bxd4+ 21.
Rxd4 Nf6 22. Ne5 Qe8 23. Qe3 Nb5 24. Rh4 h5 25. Qg5+ 1-0

[Event "Mechanics' Peter Grey TNM; G/2 d5"]
[Site "San Francisco"]
[Date "2017.10.03"]
[Round "9.3"]
[White "O'Connor, Derek"]
[Black "Diaz, Conrado"]
[Result "0-1"]
[WhiteElo "2300"]
[BlackElo "2293"]
[Annotator "Donaldson"]
[PlyCount "118"]
[EventDate "2017.??.??"]

1. d4 Nf6 2. Nf3 e6 3. c4 b6 4. g3 Bb4+ 5. Nbd2 Bb7 6. Bg2 O-O 7. O-O Re8 8.
Qc2 d5 9. b3 Nbd7 10. Bb2 c5 11. dxc5 Bxc5 12. Ne5 Rc8 13. Rad1 b5 14. Qb1 Nxe5
15. Bxe5 Ng4 16. Ba1 Qb6 17. e3 bxc4 18. bxc4 Ba6 19. cxd5 {Diagram [#]} Bxf1 (
19... Bxe3 $1 20. fxe3 (20. Qxb6 Bxb6) 20... Qxe3+ 21. Kh1 Bxf1) 20. Nxf1 Qxb1
21. Rxb1 exd5 22. Bxd5 Bb6 23. Bb3 h6 24. Kg2 Ne5 25. Nd2 Rcd8 26. Ne4 Nd3 27.
Nc3 Rc8 28. Rd1 Nc5 29. Bd5 Red8 30. Rb1 Ba5 31. Bf3 Nd3 32. Nd5 Ne1+ 33. Rxe1
Bxe1 34. Ne7+ Kf8 35. Nxc8 Rxc8 36. Be4 Bc3 37. Bxc3 Rxc3 38. Kf3 Ke7 39. Ke2
Kd6 40. Kd2 Rc7 41. Bc2 a5 42. f4 f6 43. e4 g5 44. Bd3 gxf4 45. gxf4 Rg7 46.
Bf1 Rg1 47. Ke2 Rh1 48. Kf2 Rxh2+ 49. Bg2 Rh5 50. Kg3 Rc5 51. Bf1 a4 52. Kg4 a3
53. Bd3 Ke7 54. Kh4 Rc3 55. Bb1 Kd6 56. Kh5 Rh3+ 57. Kg6 Ke7 58. f5 Rg3+ 59.
Kxh6 Rg2 0-1

[Event "Mechanics' Fall TNM; G/2 d5"]
[Site "San Francisco"]
[Date "2017.12.19"]
[Round "9.3"]
[White "O'Connor, Derek"]
[Black "Diaz, Conrado"]
[Result "1/2-1/2"]
[WhiteElo "2285"]
[BlackElo "2299"]
[Annotator "Donaldson"]
[PlyCount "66"]
[EventDate "2017.??.??"]

1. d4 d5 2. c4 c6 3. Nf3 Nf6 4. e3 Bf5 5. Nc3 e6 6. Nh4 Be4 7. f3 Bg6 8. Nxg6
hxg6 9. Qb3 Qc7 10. f4 Nbd7 11. Bd2 a5 12. a3 Be7 13. Be2 Nb6 14. c5 Nbd7 15.
Qd1 a4 16. Rc1 (16. Nxa4 Ne4 $1 {with ideas of ...Ng3 and ...Bh4+.}) 16... b6
17. cxb6 Nxb6 18. O-O O-O 19. Bd3 Rfc8 20. Qe2 Qb7 21. Rc2 c5 22. dxc5 Bxc5 23.
Qf3 Be7 24. Rfc1 Nc4 $2 (24... Nfd7 $11) 25. Bxc4 Rxc4 {Diagram [#]} 26. Nxd5
$1 Nxd5 27. Rxc4 Qxb2 28. Rc8+ (28. R1c2 $1 Qxa3 29. e4 Qxf3 30. Rc8+ Kh7 31.
gxf3 Rxc8 32. Rxc8 $18) 28... Rxc8 29. Rxc8+ Bf8 30. Bc1 Qb7 31. Rc4 Qb3 32.
Rc8 (32. Qe2 Bxa3 33. Rc8+ Bf8 (33... Kh7 34. Qf3 Nf6 35. Bxa3 Qxa3 36. Qh3+
Nh5 37. g4 Qa1+ 38. Qf1 $18) 34. Qb2 Qd1+ 35. Kf2 Nf6 36. Qc2 Ng4+ 37. Kg3 $18)
32... Qb7 33. Rc2 Qb1 1/2-1/2

[Event "Mechanics' Summer TNM; G/2 d5"]
[Site "San Francisco"]
[Date "2017.07.18"]
[Round "8.1"]
[White "O'Connor, Derek"]
[Black "Fuentes, Romulo C"]
[Result "1-0"]
[WhiteElo "2270"]
[BlackElo "2206"]
[PlyCount "87"]
[EventDate "2017.??.??"]

1. d4 Nf6 2. Nf3 c5 3. d5 e6 4. c4 exd5 5. cxd5 Bd6 6. Nc3 O-O 7. g3 Re8 8. Bg2
a6 9. a4 Qe7 10. Nh4 Be5 11. e3 Bxc3+ 12. bxc3 d6 13. O-O Nbd7 14. c4 Ne5 15.
Qc2 Rb8 16. Rb1 Qc7 17. Bd2 Ng6 18. Nxg6 hxg6 19. e4 Bd7 20. a5 Nh7 21. Bc3 g5
22. f4 f6 23. e5 dxe5 24. fxe5 Rxe5 25. d6 Qxd6 26. Rbd1 Qe7 27. Bxe5 fxe5 28.
Qg6 Be8 29. Qd6 Qxd6 30. Rxd6 Nf6 31. Rb1 Bf7 32. Rxb7 Re8 33. Bd5 Bxd5 34.
cxd5 e4 35. Re6 Rd8 36. d6 g4 37. Kf2 c4 38. Rc7 e3+ 39. Kxe3 Nd5+ 40. Ke4 Nxc7
41. dxc7 Rc8 42. Rc6 Kf7 43. Kd5 Ke7 44. Rxc4 1-0

[Event "Mechanics' Peter Grey TNM; G/2 d5"]
[Site "San Francisco"]
[Date "2017.09.26"]
[Round "8.3"]
[White "O'Connor, Derek"]
[Black "Ivanov, Aleksandr"]
[Result "1/2-1/2"]
[WhiteElo "2300"]
[BlackElo "2124"]
[Annotator "Donaldson"]
[PlyCount "58"]
[EventDate "2017.??.??"]

1. d4 d5 2. c4 e6 3. Nc3 c6 4. e4 dxe4 5. Nxe4 Bb4+ 6. Bd2 Qxd4 7. Bxb4 Qxe4+
8. Be2 Na6 9. Bd6 Qxg2 10. Qd2 Nf6 (10... Qxh1 11. O-O-O Qe4 12. Bg3 f6 (12...
f5 13. f3) 13. Qd8+ Kf7 14. Bd6 e5 15. Qf8+ Ke6 16. Qe8+ Kf5 17. Bd3) 11. Bf3
Qg6 12. O-O-O e5 13. Bxe5 Be6 14. Ne2 Qf5 15. Qe3 $2 (15. Bf4 Bxc4 16. Ng3)
15... Nb4 $1 16. Nd4 Nxa2+ 17. Kd2 O-O-O 18. Ke1 Rxd4 $1 19. Rxd4 Nb4 20. Bd1
Re8 21. f4 Ng4 (21... g5 $5) 22. Bxg4 Qxg4 23. Rd2 Bxc4 24. Rg1 Qf5 (24... Qh4+
$1 25. Kd1 (25. Qg3 Qxg3+ 26. Rxg3 f6) (25. Rg3 Nd5 (25... f6 26. Qxa7 Rxe5+
27. fxe5 Qe4+ 28. Qe3 Nc2+ 29. Rxc2 Qxc2 30. Rxg7 Qxb2 31. exf6 Qa1+ 32. Kd2
Qb2+ 33. Kd1 Qb1+ 34. Qc1 Qb3+ 35. Ke1 Qd3 $11) 26. Rxd5 Bxd5 27. Qxa7 Kd7 28.
Qxb7+ Ke6 $19) 25... Qh5+ 26. Ke1 b6 {and the threat of ...f6 is hard to meet.}
) 25. Qxa7 Rxe5+ $1 26. fxe5 Qxe5+ (26... Qe4+ 27. Kf2 Qh4+ 28. Kf3 Bd5+ 29.
Ke2 Qc4+ 30. Ke3 Qe4+ 31. Kf2 Qf3+ 32. Ke1 Nd3+ 33. Rxd3 Qxd3) 27. Kf2 Qf4+ 28.
Ke1 Qe4+ 29. Kf2 Qf4+ 1/2-1/2

[Event "Mechanics' Peter Grey TNM; G/2 d5"]
[Site "San Francisco"]
[Date "2017.08.22"]
[Round "3.2"]
[White "O'Connor, Derek"]
[Black "Khristoforov, Sergey"]
[Result "1-0"]
[WhiteElo "2300"]
[BlackElo "1940"]
[Annotator "Donaldson"]
[PlyCount "41"]
[EventDate "2017.??.??"]

1. d4 d5 2. c4 c6 3. Nf3 Nf6 4. e3 e6 5. b3 Bb4+ 6. Nbd2 Nbd7 7. Bd3 Ne4 8. a3
Bc3 9. Rb1 Bxd2+ 10. Bxd2 Nxd2 11. Qxd2 Qe7 12. O-O e5 $2 (12... O-O) 13. cxd5
e4 {Diagram [#]} (13... cxd5) 14. d6 $1 Qxd6 15. Bxe4 Nf6 16. Bd3 Qxa3 17. b4
Be6 18. Ra1 Qb3 19. e4 Bc4 20. Bc2 Nxe4 21. Rfe1 1-0

[Event "Mechanics' Spring TNM; G/2"]
[Site "San Francisco"]
[Date "2017.03.14"]
[Round "1.7"]
[White "O'Connor, Derek"]
[Black "Malykin, Erika"]
[Result "1-0"]
[WhiteElo "2161"]
[BlackElo "1567"]
[PlyCount "55"]
[EventDate "2017.??.??"]

1. d4 Nf6 2. Nf3 e6 3. c4 Bb4+ 4. Bd2 Qe7 5. g3 b6 6. Bg2 Bb7 7. O-O h6 8. Nc3
c5 9. d5 exd5 10. Nh4 g6 11. cxd5 d6 12. Qc2 Nbd7 13. e4 Ne5 14. a3 Bxc3 15.
Bxc3 O-O-O 16. b4 Rhg8 17. Rfe1 Qc7 18. Qd2 g5 19. Nf5 h5 20. bxc5 bxc5 21. Ba5
Nc4 22. Bxc7 Nxd2 23. Bxd6 Rge8 24. Be7 Rxe7 25. Nxe7+ Kd7 26. Nc6 Re8 27. e5
Nxd5 28. Na5 1-0

[Event "Mechanics' Winter TNM; G/2"]
[Site "San Francisco"]
[Date "2017.01.03"]
[Round "1.6"]
[White "O'Connor, Derek"]
[Black "Morgan, Jerry"]
[Result "1-0"]
[WhiteElo "2167"]
[BlackElo "1561"]
[Annotator "Donaldson"]
[PlyCount "49"]
[EventDate "2017.??.??"]

1. d4 d5 2. c4 c6 3. cxd5 cxd5 4. Bf4 Qb6 5. Nc3 e6 6. Nf3 Bb4 7. e3 Nf6 8. Bd3
Nh5 9. Bg5 h6 10. Bh4 g5 11. Bg3 Nxg3 12. hxg3 Be7 13. a3 Nc6 14. Na4 Qc7 15.
Rc1 Qd6 16. b4 g4 17. Ne5 h5 $2 (17... Nxe5 18. dxe5 Qxe5 19. Bb5+ Kf8 20. Qxg4
) 18. Bb5 Bd7 19. Nc5 Nxe5 20. dxe5 Qxe5 21. Nxd7 Qd6 22. Nb6+ Kf8 23. Nxa8 Kg7
24. Nc7 Bg5 25. Ne8+ 1-0

[Event "Mechanics' Fall TNM; G/2 d5"]
[Site "San Francisco"]
[Date "2017.10.31"]
[Round "2.4"]
[White "O'Connor, Derek"]
[Black "Poling, Scott E"]
[Result "1-0"]
[WhiteElo "2285"]
[BlackElo "1864"]
[PlyCount "59"]
[EventDate "2017.??.??"]

1. d4 Nf6 2. Nf3 e6 3. c4 c5 4. d5 b5 5. Bf4 d6 6. e4 e5 7. Bg5 Qa5+ 8. Bd2 b4
9. Bd3 Qc7 10. h3 Be7 11. O-O O-O 12. Be3 a5 13. Nbd2 Ne8 14. Nh2 a4 15. Qe2
Qd8 16. Rae1 Nd7 17. Kh1 Kh8 18. Rg1 Bg5 19. Ndf1 Bxe3 20. Nxe3 g6 21. g4 Ng7
22. Qd2 g5 23. Nf5 Nxf5 24. gxf5 Rg8 25. Rg3 b3 26. a3 Nf6 27. Rxg5 Qa5 28.
Rxg8+ Nxg8 29. Qe3 Ba6 30. Rg1 1-0

[Event "Mechanics' Summer TNM; G/2 d5"]
[Site "San Francisco"]
[Date "2017.06.13"]
[Round "4.1"]
[White "O'Connor, Derek"]
[Black "Shaw, Tenzing"]
[Result "1/2-1/2"]
[WhiteElo "2270"]
[BlackElo "2310"]
[Annotator "Winslow"]
[PlyCount "64"]
[EventDate "2017.??.??"]

1. d4 Nf6 2. Nf3 g6 3. g3 Bg7 4. Bg2 O-O 5. O-O d6 6. c4 Nbd7 7. Nc3 e5 8. e4
exd4 9. Nxd4 Re8 10. h3 Nc5 11. Re1 Bd7 12. Bf4 h6 13. Kh2 (13. Qc2) (13. Rb1)
13... Kh7 $146 (13... a5) (13... a6) 14. Qf3 Ne6 (14... Nfxe4) 15. Nxe6 Bxe6
16. b3 Nd7 17. Rad1 a5 18. Nb5 a4 19. Qe2 axb3 20. axb3 Qb8 21. Be3 Nf6 22. Bd4
Bd7 23. Qb2 Nh5 24. Bxg7 Nxg7 25. Nc3 Bc6 26. Nd5 Bxd5 27. Rxd5 Re6 28. Rdd1
Ra5 29. Ra1 Qa7 30. f4 Rxa1 31. Qxa1 Qf2 32. Qc3 Nf5 1/2-1/2

[Event "Mechanics' Peter Grey TNM; G/2 d5"]
[Site "San Francisco"]
[Date "2017.09.05"]
[Round "5.1"]
[White "O'Connor, Derek"]
[Black "Stearman, Josiah P"]
[Result "1/2-1/2"]
[WhiteElo "2300"]
[BlackElo "2305"]
[PlyCount "53"]
[EventDate "2017.??.??"]

1. d4 d5 2. c4 c6 3. Nf3 Nf6 4. e3 a6 5. Bd3 dxc4 6. Bxc4 b5 7. Be2 e6 8. O-O
Bb7 9. b3 Nbd7 10. Bb2 c5 11. a4 b4 12. Nbd2 cxd4 13. Bxd4 Bd6 14. Nc4 Bc7 15.
Nfe5 Nxe5 16. Nxe5 O-O 17. Bf3 Ne4 18. Rc1 Rc8 19. Qe2 Bxe5 20. Bxe5 Nc3 21.
Rxc3 Bxf3 22. Rxc8 Bxe2 23. Rxd8 Rxd8 24. Rc1 Rd1+ 25. Rxd1 Bxd1 26. Bd6 Bxb3
27. a5 1/2-1/2

[Event "Mechanics' Spring TNM; G/2"]
[Site "San Francisco"]
[Date "2017.04.25"]
[Round "7.2"]
[White "O'Connor, Derek"]
[Black "Tsodikova, Natalya"]
[Result "1-0"]
[WhiteElo "2161"]
[BlackElo "2210"]
[PlyCount "77"]
[EventDate "2017.??.??"]

1. d4 Nf6 2. Nf3 g6 3. g3 Bg7 4. Bg2 d6 5. O-O O-O 6. c4 c5 7. d5 e6 8. Nc3
exd5 9. cxd5 a6 10. a4 Nbd7 11. Bf4 Qe7 12. h3 Rb8 13. Rb1 b5 14. b4 bxa4 15.
Qxa4 Bb7 16. Rfd1 h6 17. Qa3 Nh5 18. Bd2 Rfc8 19. b5 Ra8 20. Qc1 Kh7 21. g4
Nhf6 22. Bf4 Ne8 23. b6 g5 24. Bg3 Ne5 25. Nd2 Nf6 26. Nb3 a5 27. Ra1 Ra6 28.
Nxa5 Rxb6 29. Bxe5 dxe5 {Diagram [#]} 30. d6 Qd7 31. Nxb7 Rxb7 32. Bxb7 Qxb7
33. Qc2+ Kg8 34. Qf5 Rd8 35. Rab1 Qc6 36. Qxe5 Re8 37. Qf5 Nd7 38. Nd5 Bf8 39.
Qxd7 1-0

[Event "Mechanics' Spring TNM; G/2"]
[Site "San Francisco"]
[Date "2017.03.28"]
[Round "3.4"]
[White "O'Connor, Derek"]
[Black "Uzzaman, Ashik"]
[Result "1-0"]
[WhiteElo "2161"]
[BlackElo "2000"]
[PlyCount "117"]
[EventDate "2017.??.??"]

1. d4 e6 2. c4 f5 3. g3 Nf6 4. Bg2 Be7 5. Nf3 O-O 6. O-O d6 7. Nc3 Ne4 8. Nxe4
fxe4 9. Nd2 d5 10. f3 exf3 11. Nxf3 Nd7 12. Qc2 c6 13. Bf4 Nf6 14. Ng5 h6 15.
Nf3 dxc4 16. Rad1 Qe8 17. Qxc4 Nd5 18. Ne5 Bf6 19. Qd3 Bd7 20. Be4 Bxe5 21.
Bxe5 Qe7 22. a3 Rxf1+ 23. Rxf1 Rf8 24. Rxf8+ Qxf8 25. Kg2 Be8 26. Qf3 Qe7 27.
h4 Nb6 28. Bc2 Nd7 29. Bf4 Nf6 30. Qd3 a6 31. Be5 c5 32. dxc5 Bc6+ 33. Kh3 Ne4
34. Qd4 Qxc5 35. Qxc5 Nxc5 36. Bd4 Ne4 37. Kg4 Kf7 38. Kf4 Nf6 39. Ke5 Bd5 40.
e4 Bc6 41. Bb3 Bxe4 42. Bxe6+ Ke7 43. Bc5+ Ke8 44. g4 Bc6 45. Kf5 Nd7 46. Bd4
Kf8 47. Kg6 Be4+ 48. Bf5 Bxf5+ 49. gxf5 Kg8 50. Bxg7 h5 51. Bd4 Nf8+ 52. Kf6
Nd7+ 53. Ke7 Nb8 54. Ke8 Nc6 55. f6 Nxd4 56. f7+ Kh7 57. f8=Q Nc6 58. Qf7+ Kh6
59. Kf8 1-0

[Event "Mechanics' Fall TNM; G/2 d5"]
[Site "San Francisco"]
[Date "2017.12.05"]
[Round "7.6"]
[White "O'Connor, Derek"]
[Black "Walder, Michael S"]
[Result "1-0"]
[WhiteElo "2285"]
[BlackElo "2156"]
[Annotator "Donaldson"]
[PlyCount "89"]
[EventDate "2017.??.??"]

1. d4 Nf6 2. c4 g6 3. g3 Bg7 4. Bg2 O-O 5. Nc3 d6 6. Nf3 Nc6 7. O-O a6 8. Bf4
Rb8 9. Rc1 b5 10. Qd2 (10. Nd5) (10. cxb5) 10... Na5 (10... bxc4) 11. cxb5 axb5
12. b3 b4 13. Nd1 c5 14. dxc5 Ne4 15. Qe3 e5 (15... Nxc5 16. Rxc5) 16. Qxe4 Bf5
17. Qe3 exf4 18. Qxf4 dxc5 19. Rxc5 Qb6 20. Rc1 Rfe8 21. Nh4 Be5 22. Qf3 Bd7
23. Ne3 Bc3 24. Rfd1 Bb5 25. Rc2 Qa6 26. Bf1 Nc6 27. Nd5 Nd4 28. Rxd4 Bxd4 29.
Nc7 Qa5 30. Nxb5 Rxb5 31. e3 Rc5 32. Bc4 Rxc4 33. Rxc4 Bc3 34. Re4 Rf8 35. Qe2
Rd8 36. Nf3 Qd5 37. Rc4 Qd1+ 38. Qxd1 Rxd1+ 39. Kg2 Ra1 40. Rc8+ Kg7 41. Ra8
Bb2 42. Nd4 Ba3 43. Nc2 Rxa2 44. Nxb4 Ra1 45. Nc2 1-0

[Event "Mechanics' Winter TNM; G/2"]
[Site "San Francisco"]
[Date "2017.02.14"]
[Round "7.10"]
[White "O'Connor, Derek"]
[Black "Walters, Kevin"]
[Result "1-0"]
[WhiteElo "2167"]
[BlackElo "1884"]
[PlyCount "57"]
[EventDate "2017.??.??"]

1. d4 e6 2. c4 Nf6 3. Nc3 d5 4. cxd5 exd5 5. Bg5 Be7 6. e3 h6 7. Bh4 O-O 8. Bd3
b6 9. Nge2 Bb7 10. O-O Re8 11. Qc2 Nbd7 12. Bg3 c5 13. Rad1 Nh5 14. dxc5 Nxg3
15. hxg3 Nxc5 16. Bb5 Rf8 17. Nf4 Bd6 18. Nfxd5 Qb8 19. Bc4 Be5 20. b4 Ba6 21.
Nb5 Bxb5 22. Bxb5 Nb7 23. Bc6 Kh8 24. Qf5 g6 25. Qd7 Nd8 26. Bxa8 Qxa8 27. Nf4
g5 28. Qf5 Qb8 29. Ng6+ 1-0

[Event "Mechanics' Fall TNM; G/2 d5"]
[Site "San Francisco"]
[Date "2017.11.28"]
[Round "6.2"]
[White "O'Connor, Derek"]
[Black "Whitehead, Paul"]
[Result "0-1"]
[WhiteElo "2285"]
[BlackElo "2352"]
[PlyCount "100"]
[EventDate "2017.??.??"]

1. d4 Nf6 2. Nf3 b5 3. g3 Bb7 4. Bg2 e6 5. O-O c5 6. a4 b4 7. Nbd2 cxd4 8. Nb3
Be7 9. Nbxd4 O-O 10. Re1 d5 11. Ne5 Nfd7 12. Nd3 Nc6 13. Nb3 Na5 14. Nxa5 Qxa5
15. Bd2 Rac8 16. e3 Ba6 17. Bf1 Bxd3 18. cxd3 Qc7 19. d4 a5 20. Ba6 Ra8 21. Rc1
Qa7 22. Bd3 Rfc8 23. b3 Qb7 24. e4 Rxc1 25. Bxc1 Rc8 26. exd5 Qxd5 27. Be4 Qd6
28. Bf4 Qb6 29. Be3 Nf6 30. d5 Qd8 31. Bg5 Nxe4 32. Bxe7 Qxd5 33. f3 Nd2 34.
Kg2 Nxb3 35. Qe2 Qc4 36. Qf2 Nd4 37. Bg5 Qc2 38. Bd2 Nb3 39. Re2 Nxd2 40. Rxd2
b3 41. Kh3 Qf5+ 42. g4 Qf4 43. Qc5 Qxf3+ 44. Kh4 Rf8 45. Qxa5 Qe3 46. Rd8 g5+
47. Kh5 Rxd8 48. Qxd8+ Kg7 49. h4 b2 50. hxg5 Qh3# 0-1